Vista normal
Vista MARC
Entrada Topical Term
Número de registros utilizados en: 1
001 - CONTROL NUMBER
- control field: 60406
003 - CONTROL NUMBER IDENTIFIER
- control field: OSt
005 - DATE AND TIME OF LATEST TRANSACTION
- control field: 20250620151806.0
008 - FIXED-LENGTH DATA ELEMENTS
- fixed length control field: 250620|| aca||aabn | a|a d
040 ## - CATALOGING SOURCE
- Original cataloging agency: OSt
- Transcribing agency: OSt
150 ## - HEADING--TOPICAL TERM
- Topical term or geographic name entry element: Expedición botánica
- General subdivision: Literatura infantil
- Chronological subdivision: 1783-1816
- Geographic subdivision: Colombia
- Form subdivision: Libros de divulgación
670 ## - SOURCE DATA FOUND
- Source citation: Work cat.: (OSt)57354: Mújica Velásquez, Elisa, 1918-2003 autora 42592, La Expedición Botánica